| 000 | 00578nam a2200145Ia 4500 | ||
|---|---|---|---|
| 008 | 170221s9999 xx 000 0 und d | ||
| 100 | _aIraida G. Ovchinnikova | ||
| 245 | _aEfficiency Management of Educational Systems Development: Approaches and Criteria | ||
| 245 | _cElena Y. Levina, Alfiya M. Ishmuradova, Galina A. Kruchinina, Guzel B. Sayfutdinova, Aleksandr A. Novikov | ||
| 260 | _bInternational Review of Management and Marketing | ||
| 260 | _c2012 | ||
| 300 | _a1 : 3 | ||
| 650 | _xMarketing. | ||
| 856 | _uhttp://www.econjournals.com/index.php/irmm/issue/view/72 | ||
| 999 |
_c313924 _d313924 |
||